Junglas

Salvato in:
Dettagli Bibliografici
Autore principale: Lanting, Frans (Autore)
Natura: Libro
Lingua:spagnolo
Pubblicazione: Colonia Taschen 2011
Soggetti:
Tags: Aggiungi Tag
Nessun Tag, puoi essere il primo ad aggiungerne!!

MARC

LEADER 00000cam a2200000 a 4500
001 UCF3267
003 CL-VaPUC
008 121004e20110000GW |||||||||||||||||spa|d
020 |a 9783836508995 
082 0 4 |a 910  |b LAN  |2 21 
100 |a Lanting, Frans  |e author  |9 565201 
245 1 0 |a Junglas 
300 |a 255 p 
942 |c BK 
945 |d 20121004 00:00:00  |a dcastane 
260 |a Colonia  |b Taschen  |c 2011 
650 7 |a GEOGRAFIA MUNDIAL  |2 CL-VaPUC  |9 367009 
650 7 |a SELVAS  |2 CL-VaPUC  |9 565202 
583 |a last modification  |c 20121004 18:42:00  |k Rodrigo Vera 
999 |c 349728  |d 349726 
952 |0 0  |1 0  |4 0  |6 910_000000000000000_LAN_2011  |7 0  |8 C  |9 452492  |a BIBCUR  |b BIBCUR  |d 2019-11-22  |i 4911954  |o 910 LAN 2011  |p 4911954  |r 2025-04-22  |w 2019-11-22  |y BK  |k EXP